书目信息 |
| 题名: |
回味唐朝
|
|
| 作者: | 若木 著 | |
| 分册: | ||
| 出版信息: | 北京 中国三峡出版社 2006 |
|
| 页数: | 264页 | |
| 开本: | 23cm | |
| 丛书名: | 回味历史系列 | |
| 单 册: | ||
| 中图分类: | K242.09 | |
| 科图分类: | ||
| 主题词: | 古代史 | |
| 电子资源: | ||
| ISBN: | 7-80099-986-6 | |
| 000 | 00905nam0 2200301 450 | |
| 000 | 00912nam0 2200301 450 | |
| 000 | 00842nam0 2200277 450 | |
| 000 | 00806nam0 2200265 45 | |
| 005 | 20070518160058.95 | |
| 010 | @a7-80099-986-6@dCNY29.80 | |
| 100 | @a20070406d2006 em y0chiy0120 ea | |
| 101 | 0 | @achi |
| 102 | @aCN@b110000 | |
| 105 | @aa z 000yy | |
| 200 | 1 | @a回味唐朝@AHui Wei Tang Chao@e波澜盛世@EBo Lan Sheng Shi@f若木著@FRuo Mu Zhu |
| 210 | @a北京@c中国三峡出版社@d2006 | |
| 215 | @a264页@c图@d23cm | |
| 225 | 2 | @a回味历史系列 |
| 330 | @a本书描述了唐朝的兴与衰。从李渊称帝建唐到朱全忠灭唐建大梁。 | |
| 410 | 0 | @12001 @a回味历史系列 |
| 517 | 1 | @a波澜盛世@ABo Lan Sheng Shi |
| 606 | 0 | @a古代史 |
| 607 | @a中国 | |
| 607 | @a中国@x古代史@z唐代@x通俗读物 | |
| 690 | @aK242.09@v4 | |
| 701 | 0 | @a若木@ARuo Mu@4著 |
| 801 | 0 | @aCN@bTAOJIN@c20070518 |
| 905 | @a10447@dK242.09@e18 | |
| 回味唐朝:波澜盛世/若木著.-北京:中国三峡出版社,2006 |
| 264页:图;23cm.-(回味历史系列) |
| ISBN 7-80099-986-6:CNY29.80 |
| 本书描述了唐朝的兴与衰。从李渊称帝建唐到朱全忠灭唐建大梁。 |
| ● |
| 相关链接 |
|
|
|
|
正题名:回味唐朝
索取号:K242.09/18
 
预约/预借
| 序号 | 登录号 | 条形码 | 馆藏地/架位号 | 状态 | 备注 |
| 1 | 0521679 | 205216791 | 第二样本阅览室/ [索取号:K242.09/18] | 在馆 | |
| 2 | 0521680 | 205216808 | 第二借阅区/ [索取号:K242.09/18] | 在馆 | |
| 3 | 0521681 | 205216817 | 第二借阅区/ [索取号:K242.09/18] | 在馆 | |
| 4 | 0521682 | 205216826 | 第二借阅区/ [索取号:K242.09/18] | 在馆 | |
| 5 | 0521683 | 205216835 | 第二借阅区/ [索取号:K242.09/18] | 在馆 | |
| 6 | 0521685 | 205216853 | 第二借阅区/ [索取号:K242.09/18] | 在馆 | |
| 7 | 0521686 | 205216862 | 第二借阅区/ [索取号:K242.09/18] |
已借出,限还日期为2018.05.14 借出人:单 丽 |